000 00402nam a2200169Ia 4500
005 20250423100146.0
008 250422s9999 xx 000 0 und d
020 _a8131100235
050 _aKF 2750 .P73/
100 _aPrabhakar, Naval
245 0 _aMedia ethics and law
260 _aNew Delhi
260 _bCommonwealth Publishers Pvt. Ltd.
260 _c2017
300 _a312 p
942 _cBK
999 _c32455
_d32455